000 00578nam a2200205Ia 4500
003 GCL
008 140319s9999 xx 000 0 ara d
040 _aGCL /
_cGCL
082 0 4 _a370.7
_bم ا
100 1 _aفؤاد شاهين
245 1 0 _aاعداد المعلمين /
_cفؤاد شاهين
700 1 _aميالارية, غاستون
300 _a126 ص
490 _aزدنى علما
_v0
650 0 4 _aالتعليم
650 0 4 _aالتربية
650 0 4 _aعلم النفس التربوى
650 0 4 _aالتعليم - طرق تدريس
942 _2ddc
_cBK
999 _c48162
_d48162